000 00989cam a2200313 4500
005 20260322212035.0
008 data
010 _a 73012398 //r98
020 _a0877051194
020 _a9780877051190
040 _aDLC
_cDLC
_dYUS
_dYUS
049 _aYU31
050 0 0 _aRJ111
_b.C33
060 0 0 _aWM 440
_bC244s 1974
096 _aWA 495 C172s 1974
100 1 _aCaplan, Gerald.
245 1 0 _aSupport systems and community mental health;
_blectures on concept development /
_cGerald Caplan.
260 _aNew York,
_bBehavioral Publications,
_c1974.
300 _axvii, 267 p.
_c22 cm.
504 _aIncludes bibliographical references.
590 _aIncludes bibliographies.
650 0 _aCommunity mental health services.
650 0 _aCrisis intervention (Mental health services)
650 0 _aSocial psychiatry.
650 2 _aCommunity Psychiatry
_vEssays.
650 2 _aModels, Psychological
_vEssays.
650 2 _aCommunity Mental Health Services
_vEssays.
001 data
999 _c824
_d824